MARC details
| 000 -LEADER |
| campo de control de longitud fija |
01770nam a2200409 i 4500 |
| 001 - NÚMERO DE CONTROL |
| campo de control |
197652 |
| 003 - IDENTIFICADOR DE NÚMERO DE CONTROL |
| campo de control |
ES-MaACL |
| 005 - FECHA Y HORA DE LA ÚLTIMA TRANSACCIÓN |
| campo de control |
20250824063104.0 |
| 008 - DATOS DE LONGITUD FIJA--INFORMACIÓN GENERAL |
| campo de control de longitud fija |
250612s2008 sp a | ||||o010 0 spa |
| 015 ## - NÚMERO DE BIBLIOGRAFÍA NACIONAL |
| Número de bibliografía nacional |
MON07 |
| 017 ## - NÚMERO DE COPYRIGHT O DE DEPÓSITO LEGAL |
| Número de copyright o de depósito legal |
C 3077-2008 |
| Agencia que asigna |
Oficina Depósito Legal Coruña |
| 020 ## - NÚMERO INTERNACIONAL ESTÁNDAR DEL LIBRO |
| Número Internacional Estándar del Libro |
9788469151396 |
| 035 ## - NÚMERO DE CONTROL DEL SISTEMA |
| Número de control de sistema |
(OCoLC)434337591 |
| 035 ## - NÚMERO DE CONTROL DEL SISTEMA |
| Número de control de sistema |
(SpMaBN)a4402674 |
| 040 ## - FUENTE DE CATALOGACIÓN |
| Centro catalogador/agencia de origen |
SpMaBN |
| Lengua de catalogación |
spa |
| Centro/agencia transcriptor |
SpMaBN |
| Normas de descripción |
rdc |
| 080 ## - NÚMERO DE LA CLASIFICACIÓN DECIMAL UNIVERSAL |
| Número de la Clasificación Decimal Universal |
929 Valiña Sampedro, Elías |
| 080 ## - NÚMERO DE LA CLASIFICACIÓN DECIMAL UNIVERSAL |
| Número de la Clasificación Decimal Universal |
248.153.8(460.111 Santiago)"19"(082.2) |
| 080 ## - NÚMERO DE LA CLASIFICACIÓN DECIMAL UNIVERSAL |
| Número de la Clasificación Decimal Universal |
27(460.113 Cebreiro)"19"(082.2) |
| 245 00 - MENCIÓN DEL TÍTULO |
| Título |
Elías Valiña: |
| Resto del título |
el renacimiento del Camino |
| 260 ## - PUBLICACIÓN, DISTRIBUCIÓN, ETC. |
| Lugar de publicación, distribución, etc. |
[Santiago de Compostela] : |
| Nombre del editor, distribuidor, etc. |
S.A. de Xestión do Plan Xacobeo, |
| Fecha de publicación, distribución, etc. |
[2007]. |
| 300 ## - DESCRIPCIÓN FÍSICA |
| Extensión |
230 páginas : |
| Otras características físicas |
ilustrado blanco y negro ; |
| Dimensiones |
22 cm. |
| 336 ## - TIPO DE CONTENIDO |
| Fuente |
rdacontent |
| Término de tipo de contenido |
texto |
| 337 ## - TIPO DE MEDIO |
| Fuente |
rdamedia |
| Nombre/término del tipo de medio |
sin mediación |
| 338 ## - TIPO DE SOPORTE |
| Fuente |
rdacarrier |
| Nombre/término del tipo de soporte |
volumen |
| 500 ## - NOTA GENERAL |
| Nota general |
"Conmemora el veinte aniversario del I Congreso Internacional de Asociaciones Jacobeas celebrado en Jaca en 1987"--Verso de portada |
| 504 ## - NOTA DE BIBLIOGRAFÍA, ETC. |
| Nota de bibliografía, etc. |
Bibliografía: páginas [225]-229 |
| 600 #0 - PUNTO DE ACCESO ADICIONAL DE MATERIA--NOMBRE DE PERSONA |
| Nombre de persona |
Valiña Sampedro, Elías- |
| Subdivisión de forma |
Homenajes |
| Fuente del encabezamiento o término |
embne |
| 9 (RLIN) |
241040 |
| 650 #7 - PUNTO DE ACCESO ADICIONAL DE MATERIA--TÉRMINO DE MATERIA |
| Término de materia o nombre geográfico como elemento de entrada |
Peregrinaciones cristianas |
| Subdivisión geográfica |
Santiago de Compostela |
| Subdivisión cronológica |
S.XX |
| Fuente del encabezamiento o término |
embne |
| 9 (RLIN) |
241041 |
| 651 #0 - PUNTO DE ACCESO ADICIONAL DE MATERIA--NOMBRE GEOGRÁFICO |
| Nombre geográfico |
O Cebreiro (Santa María)- |
| Subdivisión general |
Historia eclesiástica |
| Fuente del encabezamiento o término |
embne |
| 9 (RLIN) |
241042 |
| 700 1# - ENTRADA AGREGADA--NOMBRE PERSONAL |
| Nombre de persona |
Valiña Sampedro, Elías |
| 9 (RLIN) |
112704 |
| Término indicativo de función/relación |
Entrevistado |
| 852 ## - LOCALIZACIÓN |
| Ubicación |
ES-MaACL |
| Ubicación en estantería |
Depósito J |
| Número de control de estantería |
N-10544 |
| Donativo/Legado |
Donación: José Lázaro García |
| Encuadernación |
Encuadernación rústica con solapas |
| itemnumber |
206667 |
| 903 ## - NOMBRE PERSONAL DE DONANTE |
| 9 |
234219 |
| a |
Lázaro García, José |
| e |
Donante |
| 942 ## - ELEMENTOS DE ENTRADA SECUNDARIOS (KOHA) |
| Tipo de ítem Koha |
Libro impreso |
| Suprimir en OPAC |
No |